01965cam a22003255a 45000010009000000050017000090080041000260200029000670200025000960200026001210400034001470430012001810820029001931000025002222450072002472600067003193000026003865000024004125040033004365050774004696500044012436500030012876500043013176510010013606530035013706500044014059420008014499990017014579520165014741748114320160727154346.0121002s2013 enk frb 001 0 eng d a9780415662161 (hardback) a9780415662178 (pbk.) a9780203385555 (ebook) aDLCcDLCdDLCdEG-ScBUE beng ama-----04a320.55709174927222bTIB1 aTibi, Bassam.91278414aThe Sharia state :bArab Spring and democratization /cBassam Tibi. aOxon ;aNew York :bRoutledge / Taylor & Francis Group,c2013. axiv, 242 p. ;c24 cm. aIndex : p. 237-242. aBibliography : p. [211]-236.0 aWill the sharia-state be the outcome? Arab Spring and the hope for democratization -- The sharia-state and western scholarship. the reality of an Islamist shariatization of politics that seeks a name -- The sharia-state is not the faith of Islam: sharia and politics -- The challenge of the Islamist sharia- state to the international order: torn between the Westphalian synthesis, Pax Americana and Pax Islamica -- Sharia and Islamism in the Arab Spring: from the promise of a blossoming spring to a frosty and lethal winter -- From traditional sharia reasoning to the Islamist shariatization in post-Arab Spring -- Torn between combating prejudice and the accusation of Islamophobia: the sharia-state and policing speech in the debate on whither Islamic civilization. 0aIslam and statezArab countries.2BUEsh 0aArab Spring, 2010-2BUEsh 0aIslamic lawxPolitical aspects.2BUEsh 2BUEsh bBUSBOLcJune2015cNovember2015 0911824aDemocracyzArab countries2BUEsh 2ddc c19943d19915 00102ddc40708AlahramaMAINbMAINc1STd2015-06-25ePurchaseg352.00h320l5m39o320.55709174927 TIBp000039087r2025-07-15 00:00:00s2021-11-01v440.00yBB